Statistics for First Lines of Harry Potter (The Sorcerer's Stone Movie)

Click here to take the quiz!

General Stats

  • This quiz has been taken 9,004 times
    (9,001 since last reset)
  • The average score is 8 of 10

Answer Stats

Line Character % Correct
"Yes, Aunt Petunia."Harry Potter
98%
"I should have known that you would be here, Professor McGonagall."Albus Dumbledore
97%
"Excuse me, do you mind? Everywhere else is full."Ron Weasley
96%
"There will be no foolish wand waving or silly incantations in this class."Severus Snape
93%
"Wake up, Potter, we're going to the zoo!"Dudley
84%
"Trevor!"Neville Longbottom
84%
"Has anyone seen a toad?"Hermione Granger
80%
"Professor Dumbledore, sir."Hagrid
59%
"Good luck."Ginny Weasley
43%
"Ah, right then."Sorting Hat
16%

Score Distribution

Percentile by Number Answered

Percent of People with Each Score

Your Score History

You have not taken this quiz since the last reset